00325pab a2200133 454500008004000000100002800040245004100068260000900109300001300118362001100131650001200142650002200154773001500176180718b2011 xxu||||| |||| 00| 0 eng d aSrivastava, Vivek Kumar aPandit Nehru and his view of history c2011 ap.11-12. a19 Nov aHistory aNehru, Jawaharlal aMainstream